Introducción a la teoría política / (Record no. 65562)

MARC details
000 -LEADER
campo de control de longitud fija 00514nam a2200169 i 4500
001 - NÚMERO DE CONTROL
campo de control 65562
003 - IDENTIFICADOR DE NÚMERO DE CONTROL
campo de control ES-MaACL
007 - CAMPO FIJO DE DESCRIPCIÓN FÍSICA--INFORMACIÓN GENERAL
campo de control de longitud fija t|
008 - DATOS DE LONGITUD FIJA--INFORMACIÓN GENERAL
campo de control de longitud fija 040115s1969 mx ||||1| spa d
100 1# - ENTRADA PRINCIPAL--NOMBRE DE PERSONA
Nombre de persona Friedrich, Carl Joachim.
9 (RLIN) 52646
245 10 - MENCIÓN DEL TÍTULO
Título Introducción a la teoría política /
Mención de responsabilidad, etc. Carl J. Friedrich ; [versión por Andrés M. Mateo].
250 ## - MENCION DE EDICION
Mención de edición [1ª ed.].
260 ## - PUBLICACIÓN, DISTRIBUCIÓN, ETC.
Lugar de publicación, distribución, etc. [México] :
Nombre del editor, distribuidor, etc. Roble,
Fecha de publicación, distribución, etc. [1969]
300 ## - DESCRIPCIÓN FÍSICA
Extensión X, 190 p. ;
Dimensiones 20 cm.
700 1# - ENTRADA AGREGADA--NOMBRE PERSONAL
Nombre de persona Mateo, Andrés M.
9 (RLIN) 78937
852 ## - LOCALIZACIÓN
Ubicación ES-MaACL
Número de control de estantería E-9185
Sublocalización o colección R.93712
Holdings
Estatus retirado Estado de pérdida Estado de daño No para préstamo Biblioteca de origen Biblioteca actual Ubicación en estantería Fecha de adquisición Fuente de adquisición Total de préstamos Signatura topográfica completa Código de barras Visto por última vez Precio de reemplazo Tipo de ítem Koha
        Biblioteca del Ateneo de Madrid Biblioteca del Ateneo de Madrid Depósito 2 17/01/2008     E-9185 1068690 23/02/2023 23/02/2023 Libro impreso